Telekomunikační provoz II : učební text pro střední odborná učiliště, odborná učiliště a učňovské školy /

Uložené v:
Podrobná bibliografia
Hlavný autor: Boháč, Karel (Author)
Médium: Kniha
Jazyk:Czech
Vydané: Praha : Nadas, 1982.
Vydanie:1. vydanie
Fyzický popis: 205 strán.
Tagy: Pridať tag
Žiadne tagy, Buďte prvý kto otaguje tento záznam!

MARC

LEADER 00000nam a22000002i 4500
001 000723921
005 20250122141808.0
008 250122s1982 xr e 000 0 cze d
020 |c Kčs 17,50  |q (viazané) 
040 |a SVKKK  |b slo  |c SVKKK  |e rda 
041 0 |a cze 
044 |a xr  |c CZ 
100 1 |a Boháč, Karel  |4 aut 
245 1 0 |a Telekomunikační provoz II :  |b učební text pro střední odborná učiliště, odborná učiliště a učňovské školy /  |c Karel Boháč. 
250 |a 1. vydanie 
264 1 |a Praha :  |b Nadas,  |c 1982. 
300 |a 205 strán. 
336 |a text  |b txt  |2 rdacontent 
337 |a bez média  |b n  |2 rdamedia 
338 |a zväzok  |b nc  |2 rdacarrier 
500 |a Záznam revízie 
910 |a svkkk 
998 |a BK 
090 |g SCKHL  |k Sklad Pribinova 3. posch.  |a V.128622  |j 651598  |i 2720964564  |s Povinný výt. 
090 |g SCKHL  |k Sklad Pribinova 3. posch.  |a V.134868  |j 684377  |i 2721130438  |4 Multiplikát  |s Vyradená 
090 |g SCKHL  |k Sklad Pribinova 3. posch.  |a V.134869  |j 684378  |i 2721130439  |4 Multiplikát  |s Vyradená